|
|
|
|
| LEADER |
00000nam0a2200000 4500 |
| 001 |
272371 |
| 005 |
20231101234528.0 |
| 020 |
|
|
|a RU
|b 87-56145
|
| 035 |
|
|
|a (RuTPU)RU\TPU\book\295577
|
| 090 |
|
|
|a 272371
|
| 100 |
|
|
|a 20141017d1987 km y0rusy5003 ca
|
| 101 |
0 |
|
|a rus
|
| 102 |
|
|
|a RU
|
| 105 |
|
|
|a a g 001zy
|
| 200 |
1 |
|
|a Многоагрегатные передвижные электростанции
|e справочник
|f И. А. Емельянов, И. П. Овчинников
|
| 210 |
|
|
|a Москва
|c Воениздат
|d 1987
|
| 215 |
|
|
|a 104 с.
|c ил.
|
| 320 |
|
|
|a Библиогр.: с. 103
|
| 606 |
1 |
|
|a Электрические станции, передвижные
|2 stltpush
|3 (RuTPU)RU\TPU\subj\27648
|9 51371
|
| 610 |
1 |
|
|a термины
|
| 610 |
1 |
|
|a определения
|
| 610 |
1 |
|
|a надежность
|
| 610 |
1 |
|
|a режимы работы
|
| 610 |
1 |
|
|a эксплуатация
|
| 610 |
1 |
|
|a состав
|
| 610 |
1 |
|
|a устройство
|
| 610 |
1 |
|
|a схемы
|
| 610 |
1 |
|
|a системы автоматического управления
|
| 610 |
1 |
|
|a аварийные режимы
|
| 610 |
1 |
|
|a защита
|
| 610 |
1 |
|
|a техническое обслуживание
|
| 610 |
1 |
|
|a справочники
|
| 675 |
|
|
|a 621.311.28(035)
|v 3
|
| 700 |
|
1 |
|a Емельянов
|b И. А.
|g Иван Александрович
|
| 701 |
|
1 |
|a Овчинников
|b И. П.
|g Игорь Петрович
|
| 801 |
|
0 |
|a RU
|b RuMRKP
|c 19950417
|g psbo
|
| 801 |
|
1 |
|a RU
|b 63413507
|c 20141017
|
| 801 |
|
2 |
|a RU
|b 63413507
|c 20161227
|g RCR
|
| 942 |
|
|
|c BK
|